00630nam a2200193Ia 4500008004100000020001800041082001400059100001700073245004200090250000800132260004100140300002500181500001900206600003300225650001600258942000700274952013800281999001700419240925s9999 xx 000 0 und d a9788131530245 a512.5 POO aPoole, David 0aLinear Algebra: A modern introduction a4th aNew Delhi:bCengage Learningc,2018. aVarious pagesb0fNA aIncludes Index aHumanities & Natural Science aMathematics cBK 001040708HUMaUITUbUITUd2018-10-17eBook World Internationalg1312.00l0o512.5 POOpQ11918r2024-09-25 07:16:15w2024-09-25yBK c14417d14417